• 首页
  • 本馆介绍
  • 公告通知
  • 最新文献
  • 馆藏检索
  • 电子资源
  • 读者导购
  • 参考咨询
  • 我的图书馆
  • 登录
  • 详细信息显示
  • 放入我的书架
  • 预约/预借图书
  • 作者相关作品
  • 分类相关作品
  • 丛书相关作品
  • 出版社相关作品

书目信息

  • 表格格式
  • 工作单格式
  • 卡片格式
题名:
外语教学探微
    
 
作者: 毛晋华 , 魏蔡连 , 丁超峰 峰著
分册:  
出版信息: 长春   东北师范大学出版社  2017.10
页数: 264页
开本: 24cm
丛书名:
单 册:
中图分类: H319.3 , I561.06 , I712.06
科图分类:
主题词: 英语--教学研究--高等学校 , 英国文学--文学欣赏 , 文学欣赏--美国
电子资源:
ISBN: 978-7-5681-3901-4
000 01042nam0 2200301 450
001 012001001032
005 20140920091302.0
010    @a978-7-5681-3901-4@dCNY58.00
100    @a20171027d2017 em y0chiy0110 ea
101 0  @achi
102    @aCN@b220000
105    @ay z 000yy
106    @ar
200 1  @a外语教学探微@9Wai Yu Jiao Xue Tan Wei@f毛晋华,魏蔡连,丁超峰著
210    @a长春@c东北师范大学出版社@d2017.10
215    @a264页@d24cm
330    @a本书通过对英美文学教学的现状和改革进行研究,从加强学生的人文素养出发对英美文学教学模式进行探析,提出建立互动式教学模式,从而实现激发学生兴趣,提升人文素养的目标,为英美文学教学的未来发展之路提出建议。
606 0  @a英语@x教学研究@x高等学校
606 0  @a英国文学@x文学欣赏
606 0  @a文学欣赏@y美国
690    @aH319.3@v5
690    @aI561.06@v5
690    @aI712.06@v5
701  0 @a毛晋华@9Mao Jin Hua@4峰著
701  0 @a魏蔡连@9Wei Cai Lian@4峰著
701  0 @a丁超峰@9Ding Chao Feng@4著
801  0 @aCN@b上海新华@c20180901
905    @b1155761-65@dH319.3@e261@f5
    
    外语教学探微/毛晋华,魏蔡连,丁超峰著.-长春:东北师范大学出版社,2017.10
    264页;24cm
    
    
    ISBN 978-7-5681-3901-4:CNY58.00
    本书通过对英美文学教学的现状和改革进行研究,从加强学生的人文素养出发对英美文学教学模式进行探析,提出建立互动式教学模式,从而实现激发学生兴趣,提升人文素养的目标,为英美文学教学的未来发展之路提出建议。
●
相关链接 在E读中查询图书 在五车中查询图书 在当当中查询图书 在豆瓣中查询图书


正题名:外语教学探微     索取号:H319.3/261         预约/预借

序号 登录号 条形码 馆藏地/架位号 状态 备注
1 1155761   211557616   第二样本阅览室/ [索取号:H319.3/261] 在馆    
2 1155762   211557625   第四借阅区/ [索取号:H319.3/261] 在馆    
3 1155763   211557634   密集书库—外国语学院/ [索取号:H319.3/261] 在馆    
4 1155764   211557643   第四借阅区/ [索取号:H319.3/261] 在馆    
5 1155765   211557652   第四借阅区/ [索取号:H319.3/261] 在馆    
唐山师范学院图书馆 欢迎您!
大连网信软件有限公司© 版权所有